Marki Ciągników Rolniczych - Statystyki

Ogólne statystyki
  • Ten quiz został rozwiązany 5 170 razy
  • Średni wynik to 7 z 10
Statystyki odpowiedzi
podpowiedź Marka % Poprawnych
polska marka, najczęściej spotykany na polskim gospach ursus
98%
niebieski, t8 t7 ..... new holland
88%
kojarzony z jeleniem john deere
85%
czeska moc, zawsze czerwony zetor
85%
nazywa się tak samo jak szybkie auta lamborghini
83%
jeden z modeli to VARIO fendt
77%
kombajny, ale i nie tylko claas
71%
również polska marka, zaczynajaca sie na pr.... pronar
54%
rosyjska marka traktorów belarus
49%
marka wykupiona przez claasa, nazywa sie tak samo jak znane auta renault
40%
Nie znaleziono quizów pasujących do podanych kryteriów
Rozkład punktacji
Procent ludzi z każdym wynikiem
Percentyl według liczby udzielonych odpowiedzi
Twoja historia wyników
Nie rozwiązałeś tego quizu